| 000 | 00462nam a2200145Ia 4500 | ||
|---|---|---|---|
| 999 |
_c849 _d849 |
||
| 020 | _a92-5-102488-x | ||
| 082 | _a307.72 UNI-; | ||
| 245 | 0 | _aDynamics of rural poverty | |
| 260 |
_aUnited Nations _bFood and Agriculture Organization _c1986 |
||
| 300 | _aviii, 232p. | ||
| 650 | _aRural community development | ||
| 650 | _aRural poor - Methodology - Rural conditions - Rural development | ||
| 710 | _aUnited Nations. Food and Agriculture Organization | ||
| 942 | _cBK | ||